000 00301nam a22001337a 4500
008 170810b xxu||||| |||| 00| 0 eng d
020 _a0835920941
041 _aeng
080 _a004
100 _a35
101 _aSHKI
245 _aFOUNDATIONS OF SOFTWARE DESIGN
_cLEATHRUM, J.F
942 _2udc
_cBK
999 _c23129
_d23129